البارسيكولوجي القوى الروحية / (رقم التسجيلة. 118833)

تفاصيل مارك
000 -LEADER
fixed length control field 00575nam a22001817a 4500
005 - DATE AND TIME OF LATEST TRANSACTION
control field 20251108174821.0
008 - FIXED-LENGTH DATA ELEMENTS--GENERAL INFORMATION
fixed length control field 250721s2008 xx 000 0 ara d
082 14 - DEWEY DECIMAL CLASSIFICATION NUMBER
Classification number 133/يسر
100 1# - MAIN ENTRY--PERSONAL NAME
Personal name يسرى، ماهر
245 10 - TITLE STATEMENT
Title البارسيكولوجي القوى الروحية /
264 1# - PRODUCTION, PUBLICATION, DISTRIBUTION, MANUFACTURE, AND COPYRIGHT NOTICE
Place of production, publication, distribution, manufacture الجيزة :
Name of producer, publisher, distributor, manufacturer دار مشارق،
Date of production, publication, distribution, manufacture, or copyright notice 2008.
300 ## - PHYSICAL DESCRIPTION
Extent 236ص.
490 0# - SERIES STATEMENT
Series statement الميتافيزيقا -علوم ما وراء الطبيعة
650 17 - SUBJECT ADDED ENTRY--TOPICAL TERM
Topical term or geographic name as entry element علم النفس
650 17 - SUBJECT ADDED ENTRY--TOPICAL TERM
Topical term or geographic name as entry element الادراك خارج نطاق الحس
942 ## - ADDED ENTRY ELEMENTS (KOHA)
Source of classification or shelving scheme Dewey Decimal Classification
Koha item type كتب
المقتنيات
حالة السحب حالة الفقدان مصدر التصنيف حالة التلف غير قابل للإعارة المكتبة الرئيسية المكتبة الحالية موقع الرف تاريخ التزويد الرقم المتسلسل Total Checkouts رقم الإستدعاء تاريخ آخر ظهور تاريخ الفاتورة نوع المادة (كوها) الباركود
    Dewey Decimal Classification     المكتبة المركزية المكتبة المركزية مقتنيات قسم التزويد 28/07/2025 1332283   133/يسر 28/07/2025 28/07/2025 كتب  
    Dewey Decimal Classification     المكتبة المركزية المكتبة المركزية مقتنيات قسم التزويد 28/07/2025 1332284   133/يسر 28/07/2025 28/07/2025 كتب  
    Dewey Decimal Classification     مكتبة أبو علندا العامة مكتبة أبو علندا العامة الإعارة 15/11/2009 1332287   133/يسر 28/07/2025 15/11/2009 كتب PLD00119975
    Dewey Decimal Classification     مكتبة الأميرة ايمان العامة مكتبة الأميرة ايمان العامة الإعارة 15/11/2009 1332288   133/يسر 28/07/2025 15/11/2009 كتب PLD00119978
    Dewey Decimal Classification     مكتبة ومركز فرح مكتبة ومركز فرح الإعارة 15/11/2009 1332291   133/يسر 28/07/2025 15/11/2009 كتب PLD00119977
Implemented & Customized by: BBB with SCIT (Smart Chains for Information Technology)

Powered by Koha